Catálogo

La Puebla de los Ángeles : (Registro nro. 2948)

Detalles MARC
000 -LEADER
fixed length control field 01228cam a2200301 i 4500
001 - CONTROL NUMBER
control field 2948
003 - CONTROL NUMBER IDENTIFIER
control field Mx-PuUPA
005 - DATE AND TIME OF LATEST TRANSACTION
control field 20251006142519.0
008 - FIXED-LENGTH DATA ELEMENTS--GENERAL INFORMATION
fixed length control field 140415s2017 mx a gr 001 0 spa d
020 ## - INTERNATIONAL STANDARD BOOK NUMBER
International Standard Book Number 9786079703332
040 ## - CATALOGING SOURCE
Transcribing agency Mx-PuUPA
Original cataloging agency Mx-PuUPA
Language of cataloging spa
Modifying agency Mx-PuUPA
Description conventions rda
041 0# - LANGUAGE CODE
Language code of text/sound track or separate title spa
245 10 - TITLE STATEMENT
Title La Puebla de los Ángeles :
Remainder of title 30 años de recuperación del Centro Histórico /
Statement of responsibility, etc. H. Ayuntamiento de Puebla [editor] ; Oscar Aguilar Jimenez, [y otros 13], fotografía ; Carlos Eduardo Benítez Suárez [y otros 29], autores
250 ## - EDITION STATEMENT
Edition statement Primera edición
264 #1 - PRODUCTION, PUBLICATION, DISTRIBUTION, MANUFACTURE, AND COPYRIGHT NOTICE
Place of production, publication, distribution, manufacture Puebla, Pue. México :
Name of producer, publisher, distributor, manufacturer H. Ayuntamiento de Puebla,
Date of production, publication, distribution, manufacture, or copyright notice 2017
300 ## - PHYSICAL DESCRIPTION
Extent 255 páginas :
Other physical details ilustraciones, mapas (principalmente a color) ;
Dimensions 25 cm
336 ## - CONTENT TYPE
Fuente rdacontent
Content type term texto
Content type code txt
337 ## - MEDIA TYPE
Source rdamedia
Media type term sin medio
Media type code n
338 ## - CARRIER TYPE
Source rdacarrier
Carrier type term volumen
Carrier type code nc
651 #4 - SUBJECT ADDED ENTRY--GEOGRAPHIC NAME
Geographic name Puebla
General subdivision Historia
700 1# - ADDED ENTRY--PERSONAL NAME
Personal name Aguilar Jimenez, Oscar,
Dates associated with a name fotógrafo
700 1# - ADDED ENTRY--PERSONAL NAME
Personal name Benítez Suárez, Carlos Eduardo,
Relator term autor
710 2# - ADDED ENTRY--CORPORATE NAME
Corporate name or jurisdiction name as entry element H. Ayuntamiento de Puebla,
9 (RLIN) 3067
Relator term editor
942 ## - ADDED ENTRY ELEMENTS (KOHA)
Source of classification or shelving scheme Dewey Decimal Classification
Koha item type Libro
Classification part 972.48
Item part L25
Existencias
Withdrawn status Lost status Source of classification or shelving scheme Damaged status Not for loan Collection code Home library Current library Shelving location Date acquired Source of acquisition Cost, normal purchase price Total Checkouts Full call number Barcode Date last seen Cost, replacement price Price effective from Koha item type
    Dewey Decimal Classification   Consulta en sala Puebla Biblioteca Karol Wojtyla Biblioteca Karol Wojtyla Área de silencio 03/12/2013 Donación 0.00   972.48 L25 2017 46598 05/01/2026 0.00 03/12/2013 Libro